| 000 -LEADER |
| fixed length control field |
01610 a2200289 4500 |
| 003 - CONTROL NUMBER IDENTIFIER |
| control field |
Nust |
| 005 - DATE AND TIME OF LATEST TRANSACTION |
| control field |
20230130105542.0 |
| 010 ## - LIBRARY OF CONGRESS CONTROL NUMBER |
| LC control number |
95043267 |
| 020 ## - INTERNATIONAL STANDARD BOOK NUMBER |
| International Standard Book Number |
0226816265 (cloth : alk. paper) |
| 020 ## - INTERNATIONAL STANDARD BOOK NUMBER |
| International Standard Book Number |
0226816273 (paper : alk. paper) |
| 040 ## - CATALOGING SOURCE |
| Transcribing agency |
Nust |
| 082 00 - DEWEY DECIMAL CLASSIFICATION NUMBER |
| Classification number |
808.02,TUR |
| 100 1# - MAIN ENTRY--PERSONAL NAME |
| Personal name |
Turabian, Kate L. |
| 9 (RLIN) |
7447 |
| 245 12 - TITLE STATEMENT |
| Title |
A manual for writers of term papers, theses, and dissertations / |
| Statement of responsibility, etc. |
Kate L. Turabian. |
| 250 ## - EDITION STATEMENT |
| Edition statement |
6th ed. / rev. by John Grossman and Alice Bennett. |
| 260 ## - PUBLICATION, DISTRIBUTION, ETC. |
| Place of publication, distribution, etc. |
Chicago : |
| Name of publisher, distributor, etc. |
University of Chicago Press, |
| Date of publication, distribution, etc. |
1996. |
| 300 ## - PHYSICAL DESCRIPTION |
| Extent |
ix, 308 p. : |
| Other physical details |
ill., 1 map ; |
| Dimensions |
23 cm. |
| 440 #0 - SERIES STATEMENT/ADDED ENTRY--TITLE |
| Title |
Chicago guides to writing, editing, and publishing |
| 505 ## - FORMATTED CONTENTS NOTE |
| Formatted contents note |
Parts of the Paper (Page-1), Abbreviation and Numbers (Page-14), Spelling and Punctuation (Page-39), Capitalization , Italics and Quotation Marks (Page-64), Quotation (Page-73), Tables (Page-87), Illustration (Page-104) Notes (Page-116), Bibliographies (Page-165), Parenthetical References and reference Lists (Page-175), Comparing the two Documentation Systems (Page-185) Public Documents (Page-214), Preparing the Manuscript (Page-239), Formats and Sample Layouts (Page-251). |
| 650 #0 - SUBJECT ADDED ENTRY--TOPICAL TERM |
| Topical term or geographic name entry element |
Academic writing |
| General subdivision |
Handbooks, manuals, etc. |
| 9 (RLIN) |
7423 |
| 650 #0 - SUBJECT ADDED ENTRY--TOPICAL TERM |
| Topical term or geographic name entry element |
Dissertations, Academic |
| General subdivision |
Handbooks, manuals, etc. |
| 9 (RLIN) |
7449 |
| 700 1# - ADDED ENTRY--PERSONAL NAME |
| Personal name |
Bennett, Alice, |
| Dates associated with a name |
1938- |
| 9 (RLIN) |
7451 |
| 700 1# - ADDED ENTRY--PERSONAL NAME |
| Personal name |
Grossman, John, |
| Dates associated with a name |
1924- |
| 9 (RLIN) |
7450 |
| 856 42 - ELECTRONIC LOCATION AND ACCESS |
| Materials specified |
Publisher description |
| Uniform Resource Identifier |
<a href="http://www.loc.gov/catdir/description/uchi051/95043267.html">http://www.loc.gov/catdir/description/uchi051/95043267.html</a> |
| 856 42 - ELECTRONIC LOCATION AND ACCESS |
| Materials specified |
Table of contents |
| Uniform Resource Identifier |
<a href="http://www.loc.gov/catdir/toc/uchi051/95043267.html">http://www.loc.gov/catdir/toc/uchi051/95043267.html</a> |
| 942 ## - ADDED ENTRY ELEMENTS (KOHA) |
| Source of classification or shelving scheme |
|
| Koha item type |
Book |
| Call number prefix |
808.02,TUR |